IFM Opac

Information technology for management (Record no. 3844)

MARC details
000 -LEADER
fixed length control field 00568nam a2200169Ia 4500
008 - FIXED-LENGTH DATA ELEMENTS--GENERAL INFORMATION
fixed length control field 150509s9999 xx 000 0 und d
020 ## - INTERNATIONAL STANDARD BOOK NUMBER
International Standard Book Number 0 471 65666 6 / 9812 53 082 7
082 ## - DEWEY DECIMAL CLASSIFICATION NUMBER
Classification number 004 TUR
100 ## - MAIN ENTRY--PERSONAL NAME
Personal name Turban, EfraimMcLean, EphraimWetherbe, James
245 ## - TITLE STATEMENT
Title Information technology for management
260 ## - PUBLICATION, DISTRIBUTION, ETC.
Place of publication, distribution, etc. Horboken, NJ:
260 ## - PUBLICATION, DISTRIBUTION, ETC.
Name of publisher, distributor, etc. John Wiley & Sons
260 ## - PUBLICATION, DISTRIBUTION, ETC.
Date of publication, distribution, etc. 2004
300 ## - PHYSICAL DESCRIPTION
Extent 1 v. (various pagings) : col. ill. ; 26 cm.
500 ## - GENERAL NOTE
General note Includes bibliographical references and index
650 ## - SUBJECT ADDED ENTRY--TOPICAL TERM
Topical term or geographic name entry element Management information systemsInformation technology
Holdings
Withdrawn status Lost status Source of classification or shelving scheme Damaged status Not for loan Collection code Home library Current library Shelving location Date acquired Total Checkouts Full call number Barcode Date last seen Price effective from Koha item type
    Dewey Decimal Classification     Non-fiction IFM Main Campus Library IFM Main Campus Library Work Room processing 05/15/2015   004 TUR 0000017651 05/15/2015 05/15/2015 Books